000 00197nam a2200085 4500
001 1258313
005 20260306114859.0
245 _aÖLÜM DİKEN ÜSTÜNDE
_cAGATHA CHRISTIE
260 _bALTIN KİTAPLAR
999 _c1258313
_d1258313